GeoGuessr : Connaissez-vous vos métas ? - Statistiques

Statistiques générales
  • Ce quiz a été pris 367 fois
  • Le résultat moyen est 7 sur 16
Statistiques - réponses
Par images Réponse % Correct
Nigeria
79%
Ghana
71%
Mexique
66%
Danemark
57%
Afrique du Sud
53%
Philippines
53%
Ukraine
53%
République Tchèque
52%
Canada
33%
République Tchèque/Slovaquie
33%
Roumanie
33%
Pérou
31%
Norvège
30%
Bhoutan
29%
Chili
29%
Argentine
20%
Aucun quiz correspondant
Distribution des résultats
% des personnes avec chaque résultat
Percentile par nombre de réponses
Votre historique - résultats
Vous n’avez pas pris ce quiz